000 00724nam a2200229Ii 4500
003 JO-AjNU
008 230605s9999||||xx |||||||||||||| ||und||
017 _a2009/5/1656
020 _a978-9957-32-450-6
040 _aJO-AjNU
_bara
_erda
_cJO-AjNU
041 _aara
050 1 4 _aHD37.D57.2010
100 3 _aجواد،شوقي ناجي,
_eauthor
_928251
245 0 0 _aمفاهيم حديثة في سياسات الاعمال الادارية
250 _aط1
264 3 1 _aعمان:دار الحامد للنشر والتوزيع،2010
300 _a239ص
336 _atext
_btxt
_2rdacontent
337 _aunmediated
_bn
_2rdamedia
338 _avolume
_bnc
_2rdacarrier
650 4 _aادارة اعمال
_928252
999 _aA10934
_c14502
_d14502